| 000 | 00811nam a22002657a 4500 | ||
|---|---|---|---|
| 005 | 20170123162347.0 | ||
| 010 | _aA-442866 | ||
| 020 | _c50.00 | ||
| 037 |
_bCen Lib/Ret _aA-442866 |
||
| 040 |
_aDPL _bUR |
||
| 082 |
_a841 _2د ر ش |
||
| 100 |
_aدرشن سنگھ _9134223 |
||
| 245 |
_aتلاشِ نور/ _cدرشن سنگھ |
||
| 246 |
_aTalaash-e- noor / _bby Darshan Singh |
||
| 260 |
_aدہلی _bسا وں کر پا ل روحانی مشن _c2001 |
||
| 270 |
_bدہلی _aوجے نگر |
||
| 300 |
_a152p. _c23cm(Hb) |
||
| 500 | _aill | ||
| 650 |
_aاردو ادب _9134224 |
||
| 650 |
_a اردو شا عری _9130236 |
||
| 650 |
_aUrdu literature _9134225 |
||
| 650 |
_v _aUrdu -- Poetry _9134226 |
||
| 700 |
_a _9134227 |
||
| 942 |
_2ddc _cUR _h841.08 _mد ر ش |
||
| 999 |
_c108975 _d108975 |
||